000 00467nam a2200181Ia 4500
001 8322
005 20260306160600.0
008 260306t2015||||xx |||||||||||||| ||spa||
041 _aESP
082 _a370.155
_bB45
100 _aBernaldo de Quirós Aragón, Mónica
_eAUT
245 0 _aPsicomotricidad:
_bguía de evaluación e intervención
260 _c2015
300 _a220 páginas :
_c24 cm.
650 _aGEN
654 _aCED
942 _cLIB
_dJUS
_fJUS
_2ddc
_n
999 _c8322
_d8322